Hardest Xtrm Dmons - Statistics

General Stats
  • This quiz has been taken 2 times
  • The average score is 17 of 41
Answer Stats
Level Publisher Answer % Correct
maxfs arcturus
100%
LIEB ATOMIC CANNON Mk III
100%
Akunakunn BOOBAWAMBA
100%
cherryteam KOCMOC
100%
Demishio Kyouki
100%
MindCap LIMBO
100%
dice88 Oblivion
100%
MindCap ORBIT
100%
Renn241 Saul Goodman
100%
ItzDolphy Tartarus
100%
nikoberry VOID
100%
BIANOX Zodiac
100%
APTeamOfficial Apocalyptic Trilogy
50%
DreamZoneGD ConClusion
50%
KazaGD IRIS
50%
NEKONGAMES Jigsaw
50%
MadisonYuko Midnight
50%
CDMusic MINUSdry
50%
vit12 ORDINARY
50%
DeniPol PSYCHOPATH
50%
amplitron Snowbound
50%
Inex BPATA MPAKA
0%
McCoco CHIL
0%
HushLC Climax
0%
Cersia COMBUSTION
0%
femboy CONVULSION
0%
Dzeser Damascus
0%
Quaybus Frost Spirit
0%
JCMoon Gaggatrondra
0%
Krazyman50 Instinct
0%
EnciGD in this
0%
Akunakunn limbo but uwu ig idk
0%
L4TeZk Lithium
0%
Enfur Loops of Fury
0%
amplitron paranoia
0%
hazelmrow Starlight Summit
0%
Enfur Starlit Stroll
0%
KazaGD Swing Swing
0%
cherryteam Trotil
0%
NineDice UNKNOWN
0%
nothawkyre Viprin UFO
0%
No matching quizzes found
Score Distribution
Percent of People with Each Score
Percentile by Number Answered
Your Score History
You have not taken this quiz